00769nam a22002297a 450000500170000001000150001702000260003203500140005803700090007208200130008110000240009424500420011825000100016026000450017027000860021530000220030150000490032370000100037294200200038299900190040295201180042120240828122655.0 aENG-141493 c450.00a9788192190673 aEN-125025 bDBAD aN2FIRST aAhamed, Ejaz970652 aDancers In The Dark :cby Ejaz Ahamed aFirst aDelhibVitasta Publishing Pvt ltd.c2023 bDelhia2/15, Ansari Road, Daryaganj New Delhie110002minfo@vitastapublishing.com a298 p.c21 cm(pb) aIn The Darkness Of Her Skin, She Found Light 970620 2ddccENhNmAHA c205342d205342 00104070aVPbVPd2024-08-28eDBADg450.00l0oN AHApEN-125025r2024-08-28 00:00:00t1v450.00w2024-08-28yEN